Así hablan los nazis (Record no. 34893)

MARC details
000 -LEADER
campo de control de longitud fija 00856nam a2200241 i 4500
001 - NÚMERO DE CONTROL
campo de control 34893
003 - IDENTIFICADOR DE NÚMERO DE CONTROL
campo de control ES-MaACL
005 - FECHA Y HORA DE LA ÚLTIMA TRANSACCIÓN
campo de control 20240306142522.0
007 - CAMPO FIJO DE DESCRIPCIÓN FÍSICA--INFORMACIÓN GENERAL
campo de control de longitud fija t|
008 - DATOS DE LONGITUD FIJA--INFORMACIÓN GENERAL
campo de control de longitud fija 030211s1973 sp ||||1| spa d
100 1# - ENTRADA PRINCIPAL--NOMBRE DE PERSONA
Nombre de persona Bonnín, Pere.
9 (RLIN) 30284
245 10 - MENCIÓN DEL TÍTULO
Título Así hablan los nazis
Resto del título : aproximación al estudio del lenguaje fascista en los medios de comunicación /
Mención de responsabilidad, etc. Pere Bonnín.
250 ## - MENCION DE EDICION
Mención de edición [1ª ed.].
260 ## - PUBLICACIÓN, DISTRIBUCIÓN, ETC.
Lugar de publicación, distribución, etc. [Barcelona] :
Nombre del editor, distribuidor, etc. Dopesa,
Fecha de publicación, distribución, etc. [1973]
300 ## - DESCRIPCIÓN FÍSICA
Extensión 148 p. ;
Dimensiones 19 cm.
490 1# - MENCIÓN DE SERIE
Mención de serie Colección Documento Periodístico ;
Designación de volumen o secuencia 47
650 #4 - PUNTO DE ACCESO ADICIONAL DE MATERIA--TÉRMINO DE MATERIA
Término de materia o nombre geográfico como elemento de entrada Nacionalsocialismo
9 (RLIN) 15470
650 #4 - PUNTO DE ACCESO ADICIONAL DE MATERIA--TÉRMINO DE MATERIA
Término de materia o nombre geográfico como elemento de entrada Prensa y política-
Subdivisión geográfica Alemania-
Subdivisión de forma Historia.
9 (RLIN) 168954
651 #4 - PUNTO DE ACCESO ADICIONAL DE MATERIA--NOMBRE GEOGRÁFICO
Nombre geográfico Alemania-
Subdivisión general Política y gobierno-
Subdivisión cronológica 1933-1945.
9 (RLIN) 140301
830 0# - PUNTO DE ACCESO ADICIONAL DE SERIE-TÍTULO UNIFORME
Título uniforme Colección Documento Periodístico ;
Designación de volumen o secuencia 47
9 (RLIN) 229519
852 ## - LOCALIZACIÓN
Ubicación ES-MaACL
Número de control de estantería C-55540
Sublocalización o colección R.88010
Holdings
Estatus retirado Estado de pérdida Estado de daño No para préstamo Biblioteca de origen Biblioteca actual Ubicación en estantería Fecha de adquisición Fuente de adquisición Total de préstamos Signatura topográfica completa Código de barras Visto por última vez Precio de reemplazo Tipo de ítem Koha
        Biblioteca del Ateneo de Madrid Biblioteca del Ateneo de Madrid Depósito 2 17/01/2008     C-55540 1036441 23/02/2023 23/02/2023 Libro impreso